| 000 | 00770nam a2200253 i 4500 | ||
|---|---|---|---|
| 001 | 106362 | ||
| 003 | ES-MaACL | ||
| 005 | 20230906184126.0 | ||
| 007 | t| | ||
| 008 | 061103s1990 fr ||||1| fre d | ||
| 020 | _a2-03-740006-3 | ||
| 080 | _a94(5/6=411.21)(059.3) | ||
| 080 | _a297(091)(059.3) | ||
| 245 | 0 | 4 |
_aLes grandes dates de l'Islam / _csous la direction de Robert Mantran. |
| 260 |
_aParis : _bLarousse, _c[1990] |
||
| 300 |
_a287 p. ; _c23 cm. |
||
| 490 | 1 | _aEssentiels | |
| 500 | _aBiblioteca Jacinto Martíenz Lacalle. | ||
| 650 | 1 | 4 |
_aPaíses árabes- _xHistoria- _vCronología. _915790 |
| 650 | 1 | 4 |
_aIslamismo- _xHistoria- _vCronología. _913909 |
| 830 | 0 |
_aEssentiels _9185197 |
|
| 852 |
_aES-MaACL _jE-11347 _bR.139071 |
||
| 999 |
_c106362 _d106362 |
||